Library Logo

Pioneer International University Library Catalogue

LET ME TELL YOU (Record no. 9584)

MARC details
000 -LEADER
fixed length control field 00284nam a22001217a 4500
003 - CONTROL NUMBER IDENTIFIER
control field OSt
005 - DATE AND TIME OF LATEST TRANSACTION
control field 20251014065635.0
008 - FIXED-LENGTH DATA ELEMENTS--GENERAL INFORMATION
fixed length control field 251014b |||||||| |||| 00| 0 eng d
040 ## - CATALOGING SOURCE
Transcribing agency STORYMOJA
245 ## - TITLE STATEMENT
Title LET ME TELL YOU
260 ## - PUBLICATION, DISTRIBUTION, ETC.
Place of publication, distribution, etc. NAIROBI, KENYA
Name of publisher, distributor, etc. STORYMOJA
Date of publication, distribution, etc. 2011
942 ## - ADDED ENTRY ELEMENTS (KOHA)
Source of classification or shelving scheme Library of Congress Classification
Koha item type Books
Suppress in OPAC No

No items available.